|
|
|
|
| LEADER |
00000nab a2200000 a 4500 |
| 001 |
vtls009955779 |
| 003 |
SK-MaSNL |
| 005 |
20260305042748.0 |
| 008 |
250507c2009 xo qr|p|||||||000 b|slo |
| 015 |
|
|
|a SNBRB2009/09
|2 snkbucl
|
| 035 |
|
|
|a urn:nbn:sk:snk-ab7rdb
|
| 035 |
|
|
|a (urnnbn)urn:nbn:sk:snk:ar-002a2b
|
| 035 |
|
|
|a (uuid)6665136c-e4cb-48c3-abed-bd40ca20a99b
|
| 038 |
|
|
|a SNKBUCL
|
| 040 |
|
|
|a SNKBUCL
|b slo
|c SNKBUCL
|e AACR2
|
| 041 |
0 |
|
|a slo
|
| 044 |
|
|
|a xo
|c SK
|
| 080 |
|
|
|a 719:904:06.068
|x (4)
|2 2001
|
| 080 |
|
|
|a 904:719:06.068
|x (4)
|2 2001
|
| 080 |
|
|
|a 06.068:904:719
|x (4)
|2 2001
|
| 100 |
1 |
|
|a Horanská, Erika
|4 aut
|9 559481
|
| 245 |
1 |
0 |
|a Európske ocenenie pre AINova
|c Erika Horanská
|
| 300 |
|
|
|b Fotogr.
|
| 610 |
2 |
7 |
|a Academia Istropolitana Nova (Svätý Jur, Slovensko)
|x Europa Nostra Award
|x udelenie
|2 snkbucl
|9 1624341
|
| 650 |
0 |
7 |
|a Europa Nostra Award
|y za r. 2009
|2 snkbucl
|9 1624342
|
| 650 |
0 |
7 |
|a kultúrne dedičstvo
|2 snkbucl
|9 4195
|
| 650 |
0 |
7 |
|a ceny za ochranu kultúrneho dedičstva
|2 snkbucl
|9 1489839
|
| 650 |
0 |
7 |
|a európske kultúrne dedičstvo
|2 snkbucl
|9 1565369
|
| 650 |
0 |
7 |
|a vzdelávacie programy
|2 snkbucl
|9 4069
|
| 773 |
0 |
|
|t Pamiatky a múzeá
|g Roč. 58, č. 3 (2009), s. 66
|x 1335-4353
|
| 850 |
|
|
|a Slovenská národná knižnica
|
| 852 |
|
|
|a Slovenská národná knižnica
|
| 954 |
|
|
|a odborná, vedecká literatúra pôvodná (slovenská)
|2 lita
|
| 958 |
|
|
|a article9
|
| 958 |
|
|
|a OND
|
| 958 |
|
|
|a SK
|
| 958 |
|
|
|a EUIPO
|
| 999 |
|
|
|c 3350913
|d 3352843
|